000 01697nam0a22003251 4500
001 rc\3452574
005 20260406182129.0
021 _aRU
_b[72-42822]
035 _a(NLR Aleph) 007892307
090 _a7985779
_c7985779
100 _a20130115d1971 |||y0rusy50 ca
101 0 _arus
102 _aRU
105 _aa z |||||
200 1 _aОрганизация и ведение нормативного хозяйства промышленных предприятий в автоматизированных системах управления производством
_e[Метод. материалы]
_fАН СССР. Центр. экон.-мат. ин-т. Эст. отд-ние
210 _aТаллин
_cБ. и.
_d1971
215 _a65 с.
_cсхем.
_d20
300 _aНа обороте тит. л.: выполнили Тооме Р.Ю., Куцык Б.С., Пяртельпоэг И.Х.
320 _aСписок лит.: с. 64-65 (20 назв.)
606 _aПромышленные предприятия
_xНормативное хозяйство
_xОрганизация
_2psbo
606 _aАвтоматизированные системы планирования и управления
_xПроектирование
_2psbo
702 1 _aКуцык
_bБ.С.
_4570
702 1 _aТооме
_bР.Ю.
_4570
702 1 _aПяртельпоэг
_bИ.Х.
_4570
712 0 2 _aЦентральный экономико-математический институт
_cМосква
_bЭстонское отделение
_3RU\NLR\AUTH\889947122
_9389866
801 0 _aRU
_bNLR
_gpsbo
801 1 _aRU
_bELAR
_2rusmarc
852 _aNLR
_j72-4/16794
942 _cBOOK
980 _aNB